000 02154nam a22002657a 4500
003 DO-SdBNP
005 20260321073645.0
007 ta
008 220909b2012 dr a ||| |||| 00| 0 spa d
020 _a 9789945857849
040 _aDO-SdBNP
_bspa
_cBNPHU
082 4 _222
245 1 3 _aLa vigencia de Juan Bosch :
_b"democracia verdadera" y cambio social en la mirada latinoamericana /
_ceditora Irene Hernández ; prólogo Juan Bosch
260 _aSanto Domingo :
_bFundación Juan Bosch,
_c2012.
300 _a289 p. :
_bilustraciones ;
_c23 cm.
490 1 _aBosch Vive ;
_v3
500 _aIncluye referencias bibliográficas y notas al pie de las páginas.
505 _aPrólogo --
_tEl intelectual latinoamericano y la idea de la Patria Grande --
_rLuis Bocaz /
_tNo hay democracia posible bajo el capitalismo --
_rAtilio Boron /
_tNuevas formas de democracia, nuevas formas de ciudadanía --
_rÁngel Vilarini Jusino /
_tDemocracia, educación y legalidad en el pensamientode Juan Bosch --
_rPablo Maríñez /
_tJuan Bosch y el régimen político de la democracia --
_rRafael Julián /
_tEl cambio social y la democracia vistos por Juan Bosch --
_rJusto Pedro Castellano /
_tCambio social y procesos de participación popular --
_rHéctor Díaz Polanco /
_tEstado nacional y nueva democracia en América Latina --
_rJorge Núñez /
_tHonduras. Arte y cultura en resistencia --
_rNatalie Roque Sandoval /
_tLos cambios de la economía venezolana en el marco de laRevolución Bolivariana, desde una visión de género --
_rNora Casteñeda /
_tEstrategias de poder y coaliciones hegemónicasen la postdictadura de los años 90 --
_rHiber Conteris /
_tLibia: Pensamiento imperial y democracia global --
_rEliades Acosta Matos /
_tEl “cambio-de-época” actual y la construcción social del tiempo:La creciente crisis del trabajo humano en su articulacióncompleja con los tres “plastos” de la historia --
_rPedro L. Sotolongo--
590 _aInventariado, 2022 /LP
700 1 _aHernández, Irene,
_eeditor
_973475
700 1 _a Bosch, Juan,
_d1909-2001
_eprologuista
_976555
830 0 _aBosch Vive ;
_n3
_982336
910 _aLopérez
942 _2ddc
_cLBS1
999 _c52372
_d52372